| 000 | 00508nam a22001697a 4500 | ||
|---|---|---|---|
| 999 |
_c6122 _d6122 |
||
| 003 | AR-CdUCM | ||
| 008 | 190313b ||||| |||| 00| 0 spa d | ||
| 040 |
_aMUNICIPALIDAD PROVINCIAL DEL CUSCO _cBIBLIOTECA MUNICIPAL DEL CUSCO |
||
| 082 |
_a869.15 / _bC.56 _22 ed. |
||
| 100 |
_aCornejo, José I. _917764 |
||
| 245 | _aDispersión de los aires / | ||
| 260 |
_aSantiago : _bDALMON, _c1950. |
||
| 300 |
_a56 páginas _c20 cm. |
||
| 650 |
_aPoemario Latinoamericano _917765 |
||
| 942 |
_2ddc _cLIBROS |
||
| 945 | _aAndy | ||